Conociendo a los niños, niñas y adolescentes en la calle: una experiencia con un análisis de orientación etnopsicoanalítica /

محفوظ في:
التفاصيل البيبلوغرافية
المؤلف الرئيسي: Rojas Loría, Kattia
التنسيق: نص
الموضوعات:
الوسوم: إضافة وسم
لا توجد وسوم, كن أول من يضع وسما على هذه التسجيلة!

MARC

LEADER 00000 a a2200000 04500
001 8290
003
040
100 |a Rojas Loría, Kattia  
245 |a Conociendo a los niños, niñas y adolescentes en la calle:   |b una experiencia con un análisis de orientación etnopsicoanalítica /  |c Kattia Rojas Loría 
650 |a NIÑOS DE LA CALLE  
650 |a ADOLESCENTES  
650 |a PSICOANALISIS  
650 |a ETNOLOGIA  
650 |a COSTA RICA  
773 |g número 4; páginas 89-96  
999 |c 29238  |d 29238